[Event "11th Tal Memorial Blitz 2018"]
[Site "Moscow"]
[Date "2018.03.05"]
[Round "2"]
[White "Kramnik, Vladimir"]
[Black "Karjakin, Sergey"]
[Result "1-0"]
[WhiteElo "2784"]
[BlackElo "2868"]
[Annotator "TA"]
[PlyCount "83"]
[EventDate "2018.??.??"]
[EventType "blitz"]
[EventCountry "RUS"]
[SourceTitle "playchess.com"]
[Source "ChessBase"]
[SourceQuality "1"]

{[%evp 17,83,18,32,36,32,18,87,35,62,55,57,57,58,56,61,42,45,35,28,12,40,58,56,15,42,0,115,110,124,114,85,13,13,13,20,0,0,0,8,-46,-15,-13,-17,-27,0,0,0,0,89,82,62,64,60,83,478,483,464,442,452,444,449,420,1038,662,948,644,29986,29987]} 1. e4 c5 2. Nf3 d6 3. c3 Nf6 4. g3 Nbd7 (4... Nc6 5. d3 g6 6. Bg2 Bg7 7. O-O O-O 8. a3 Rb8 9. b4 b5 10. Re1 Bg4 11. h3 Bxf3 12. Bxf3 Nd7 13. Bg2 Qc7 14. Be3 a5 15. bxc5 Nxc5 16. Ra2 {0-1 (52) Ivanisevic,I (2638)-Kryakvin,D (2560) Minsk 2017}) 5. d3 g6 6. Bg2 {B50: Sicilian: 2...d6, Miscellaneous} Bg7 7. O-O O-O 8. Re1 e5 $146 ({Predecessor:} 8... Qc7 9. Nbd2 e5 10. a4 Rb8 11. Nc4 b6 12. h3 {½-½ (42) Tsifanskaya,L (2216)-Bar Shalom,O (2080) Ramat Aviv 2004}) 9. d4 Qc7 {LiveBook: 3 Games} 10. a4 b6 11. d5 a6 (11... c4 $1 $11) 12. Nbd2 (12. c4 $16) 12... Bh6 13. Nc4 Bxc1 14. Qxc1 Kg7 15. Nh4 h6 16. Ne3 {[#] Nef5+! would kill now.} Rh8 17. f4 Rb8 18. c4 b5 19. axb5 axb5 20. Qc3 Re8 21. b3 bxc4 (21... b4 $11 22. Qc2 exf4 23. gxf4 Kh7) 22. Nxc4 $16 Rb4 23. Nf3 Qb8 24. fxe5 ({Better is} 24. Nfd2 $16) 24... Nxe5 $11 25. Nfxe5 {[#] aiming for Nc6.} Rxb3 26. Qd2 dxe5 27. Rf1 {Hoping for Qf2.} Rf8 28. d6 (28. Qc2 $11) 28... Qb4 29. Qxb4 cxb4 30. Nxe5 Be6 31. Nc6 $36 {[%mdl 2048] White is pushing.} Rb2 32. Nd4 Rd2 (32... Bc4 $11 33. Rfc1 Ng4) 33. Nxe6+ $16 fxe6 34. Ra7+ Kg8 $1 35. Bh3 $1 {[%cal Rh3e6]} Rxd6 $2 {[%mdl 8192]} (35... e5 $16) 36. e5 $1 $18 {[%csl LRd6,LRf6]} Rb6 37. exf6 b3 38. Rg7+ Kh8 {intending ...b2.} 39. Rxg6 b2 (39... Kh7 $142) 40. Rxh6+ Kg8 41. Rb1 Rfb8 42. Rxb2 {Precision: White = 48%, Black = 36%.} 1-0

[Event "11th Tal Memorial Blitz 2018"]
[Site "Moscow"]
[Date "2018.03.05"]
[Round "2"]
[White "Gelfand, Boris"]
[Black "Mamedyarov, Shakhriyar"]
[Result "0-1"]
[WhiteElo "2745"]
[BlackElo "2714"]
[Annotator "TA"]
[PlyCount "66"]
[EventDate "2018.??.??"]
[EventType "blitz"]
[EventCountry "RUS"]
[SourceTitle "playchess.com"]
[Source "ChessBase"]
[SourceQuality "1"]

{[%evp 11,66,22,31,0,0,-2,14,14,10,7,46,-17,-8,-13,-6,-35,-43,-43,-29,-68,-61,-61,-72,-74,-83,-95,-79,-109,-118,-129,-121,-121,-118,-127,-123,-132,-127,-131,-126,-135,-139,-177,-156,-176,-154,-215,-211,-269,-255,-302,-300,-641,-609,-719,-749,-738,-738]} 1. Nf3 c5 2. c4 Nc6 3. d4 cxd4 4. Nxd4 Nf6 5. Nc3 e6 6. g3 Qb6 {LiveBook: 792 Games} 7. Nf3 {A33: Symmetrical English: 2 Nf3 Nf6 3 d4 cxd4 4 Nxd4 e6 5 Nc3 Nc6} Bb4 8. Bg2 O-O 9. O-O {The position is equal.} Bxc3 10. bxc3 Na5 $146 ({Predecessor:} 10... Qc5 11. Qa4 Re8 12. Nd4 Ne5 13. Qb5 d6 14. Qxc5 dxc5 {½-½ (44) Harikrishna,P (2738)-Vachier Lagrave,M (2796) Palma de Mallorca 2017}) 11. Qa4 (11. Be3 $14 Qa6 12. c5) 11... d6 $1 $36 {[%mdl 2048] Black has good play.} 12. Be3 Qc7 13. Nd4 {With the idea Nb5.} (13. c5 $5 {[%cal Rc5d6]} d5 14. Qf4 Qxf4 15. Bxf4 $11) 13... a6 14. c5 {[#] Hoping for cxd6.} d5 15. Bf4 Qxc5 16. Nb3 Nxb3 17. Qxb3 b5 18. Be5 Bd7 19. Bxf6 gxf6 20. e4 {[#]} dxe4 $1 21. Bxe4 Rac8 22. Rad1 Bc6 23. Bxc6 Rxc6 24. Rd3 Rfc8 25. Rfd1 Kg7 26. Qb2 Qf5 27. Qd2 Rc5 28. Qe3 (28. h4 $17 {might work better.}) 28... Qe5 $19 29. Qf3 Rxc3 30. Rxc3 Rxc3 ({Don't play} 30... Qxc3 31. Qg4+ Kf8 32. Qh5 $19) 31. Qa8 $2 (31. Qg4+ Qg5 32. Qb4) 31... Qe2 {Black is clearly winning.} 32. Qd8 Rc2 33. Rf1 Rxa2 {Precision: White = 27%, Black = 83%.} 0-1

[Event "11th Tal Memorial Blitz 2018"]
[Site "Moscow"]
[Date "2018.03.05"]
[Round "2"]
[White "Andreikin, Dmitry"]
[Black "Fedoseev, Vladimir"]
[Result "1-0"]
[WhiteElo "2712"]
[BlackElo "2724"]
[Annotator "TA"]
[PlyCount "113"]
[EventDate "2018.??.??"]
[EventType "blitz"]
[EventCountry "RUS"]
[SourceTitle "playchess.com"]
[Source "ChessBase"]
[SourceQuality "1"]

{[%evp 11,113,33,52,58,123,123,127,130,135,136,152,150,150,130,146,140,160,163,161,150,137,142,152,124,144,134,165,163,160,171,166,174,161,102,194,147,204,196,217,226,212,224,212,204,214,218,205,191,247,260,260,260,260,260,260,245,312,305,249,231,253,249,250,250,358,359,358,359,383,380,366,368,361,335,362,327,459,318,317,311,308,307,310,310,310,278,276,227,229,168,159,118,397,397,397,397,390,163,390,383,375,368,29964,29962]} 1. Nf3 Nf6 2. b3 d6 3. d4 g6 4. Bb2 Bg7 5. g3 O-O 6. Bg2 e5 {LiveBook: 312 Games. A49: 1 d4 Nf6 2 Nf3 g6 3 g3: Anti-King's Indian systems} (6... Nbd7 7. O-O Re8 8. c4 c6 9. Nc3 e5 10. d5 cxd5 11. cxd5 e4 12. Nd4 e3 13. f4 Ng4 14. Nc2 Ndf6 15. Qe1 Bf5 16. Nd4 Be4 17. Nxe4 Nxe4 18. Ne6 fxe6 19. Bxg7 {0-1 (60) Carlsen,M (2837)-Grischuk,A (2772) Riadh 2017}) 7. dxe5 dxe5 (7... Nfd7 $14) 8. Qxd8 $16 Rxd8 {White is better.} 9. Nxe5 Ng4 10. Nd3 Bxb2 11. Nxb2 Na6 $146 ({Predecessor:} 11... Nc6 12. Bxc6 bxc6 13. Nc3 c5 14. Nd3 {1-0 (47) Gelfand,B (2729)-Radjabov,T (2728) Rishon Le Ziyyon 2006}) 12. Nc3 Nb4 13. Rc1 Bf5 14. e4 Be6 15. a3 Nc6 16. h3 Nf6 {[%cal Bg4f6,Bf6h5,Bh5g3][%mdl 32]} 17. f4 {[%cal Bf2f4,Bf4f5][%mdl 32]} Nh5 {[#]} 18. f5 $1 {[%mdl 512]} Nxg3 (18... gxf5 19. exf5) 19. Rg1 Bd7 20. fxg6 Nh5 21. gxf7+ Kxf7 22. Nd5 (22. Kd2 $18) 22... Ne5 (22... Nd4 $16) 23. Ke2 c6 (23... Rac8 $16 24. Nd3 Nxd3 25. cxd3 c6) 24. Rcf1+ $18 Ke6 {[#]} 25. Nc7+ $1 Kd6 26. Nxa8 Ng3+ 27. Ke3 Nxf1+ 28. Bxf1 Rxa8 29. Rg7 Rf8 (29... Rh8 $142 30. Nc4+ Nxc4+ 31. Bxc4 Bxh3 32. Rxb7 h5 33. Rxa7 h4) 30. Nc4+ Nxc4+ 31. Bxc4 {[%mdl 4096] Endgame KRB-KRB} b5 32. Be2 Bxh3 33. Rxh7 Be6 34. Rxa7 Rh8 35. Bd3 Rh3+ 36. Kd2 Kc5 37. Kc3 Bg4 (37... Kd6 $142 38. b4 Bc4) 38. b4+ Kb6 39. Rg7 Be6 40. Rg6 Bf7 41. Rf6 Bg8 42. Kd4 Rh1 43. e5 Bd5 (43... Rh4+ $142 44. Ke3 Bd5) 44. Rf1 Rh4+ 45. Kc3 Kc7 46. Rg1 Rh5 47. Rg7+ Kb6 48. Re7 Rh1 49. Bf5 Ra1 50. Bc8 {Strongly threatening Rb7+.} c5 51. Rd7 Rxa3+ $2 {[%mdl 8192]} (51... Bc6 $16 {was necessary.}) 52. Kb2 Ra2+ 53. Kb1 Bc4 54. e6 (54. bxc5+ $142 Kc6 55. Rh7) 54... Ra8 $2 (54... Ra4) 55. e7 Bf7 ({Avoid the trap} 55... Rxc8 $2 56. Rd8 $18) 56. Rd8 Kc7 $2 {[#]} (56... cxb4 $18 57. Be6 Ra7 58. Rb8+ Ka5 59. Bxf7 Rxe7) 57. Be6 $1 {[%mdl 512] Precision: White = 72%, Black = 23%.} 1-0

[Event "11th Tal Memorial Blitz 2018"]
[Site "Moscow"]
[Date "2018.03.05"]
[Round "2"]
[White "Artemiev, Vladislav"]
[Black "Svidler, Peter"]
[Result "1-0"]
[WhiteElo "2697"]
[BlackElo "2793"]
[Annotator "TA"]
[PlyCount "77"]
[EventDate "2018.??.??"]
[EventType "blitz"]
[EventCountry "RUS"]
[SourceTitle "playchess.com"]
[Source "ChessBase"]
[SourceQuality "1"]

{[%evp 10,77,0,1,26,18,27,12,10,25,17,9,20,0,22,0,0,0,0,0,0,0,0,-8,1,0,0,0,16,0,0,0,0,0,0,-6,-14,0,0,-20,27,32,39,37,28,35,96,95,115,90,106,108,101,91,109,90,73,87,93,95,247,255,263,235,247,216,1975,1796,1297,1137]} 1. d4 Nf6 2. Nf3 g6 3. Bg5 Bg7 4. Nbd2 c5 5. e3 cxd4 6. exd4 {LiveBook: 65 Games} b6 {A48: 1 d4 Nf6 2 Nf3 g6: Torre, London and Colle Systems} (6... O-O 7. Bd3 Nc6 8. c3 d6 9. O-O Qc7 10. Re1 a6 11. a4 h6 12. Bxf6 Bxf6 13. Nc4 e5 14. dxe5 dxe5 15. Be4 Rd8 16. Qe2 Ne7 17. Bc2 {0-1 (60) Mamedyarov,S (2762)-Svidler,P (2742) Novi Sad 2016}) 7. Bd3 Bb7 8. O-O O-O {The position is equal.} 9. Re1 d6 10. Qe2 Re8 11. Ne4 Nbd7 $146 ({Find the theoretical novelty and annotate with similar games:} 11... Nxe4 12. Bxe4 Bxe4 13. Qxe4 d5 {½-½ (43) Hewson,B (2059)-Burrows,M (2147) Douglas 2015}) 12. Rad1 Bxe4 13. Bxe4 Nxe4 14. Qxe4 {[%cal Rg5e7]} Nf6 15. Qd3 e6 16. c4 Qc7 17. Rc1 Qb7 18. b4 Rac8 19. Rc2 b5 20. c5 Nd5 21. a3 h6 22. Bd2 Red8 23. Qb3 Ne7 24. Bf4 Nf5 25. g4 Nxd4 26. Nxd4 Bxd4 27. Bxd6 a6 (27... e5 $14) 28. Rd2 $36 {[%mdl 2048] White is really pushing.} Bg7 29. Qe3 a5 30. Red1 axb4 31. axb4 Ra8 32. h3 Ra4 33. Bg3 Rxd2 34. Qxd2 Kh7 $2 (34... Ra3 $16) 35. Qd7 $18 Qf3 36. c6 {[%cal Bc5c6,Bc6c7][%mdl 32]} Rxb4 {[#]} 37. c7 $1 {[%cal Rc7c8]} Bd4 $2 {[#]} (37... Rc4) 38. Qxd4 $1 Rxd4 39. Rxd4 {Precision: White = 65%, Black = 48%.} 1-0

[Event "11th Tal Memorial Blitz 2018"]
[Site "Moscow"]
[Date "2018.03.05"]
[Round "2"]
[White "Morozevich, Alexander"]
[Black "Anand, Viswanathan"]
[Result "0-1"]
[WhiteElo "2665"]
[BlackElo "2801"]
[Annotator "TA"]
[PlyCount "91"]
[EventDate "2018.??.??"]
[EventType "blitz"]
[EventCountry "RUS"]
[SourceTitle "playchess.com"]
[Source "ChessBase"]
[SourceQuality "1"]

{[%evp 11,91,-26,-30,-43,0,-5,2,-47,-39,-39,-46,-54,-50,-48,-35,-132,-140,-260,-266,-258,-242,-265,-250,-228,-238,-235,-229,-197,-185,-183,-158,-241,-254,-246,-233,-275,-254,-256,-265,-337,-337,-333,-332,-310,-303,-319,-319,-401,-395,-554,-535,-541,-521,-604,-604,-700,-652,-1011,-970,-3784,-2778,-12839,-12839,-12840,-12840,-12841,-12841,-12846,-12844,-12847,-2223,-12841,-12838,-12845,-12840,-12843,-12841,-12848,-12848,-12849,-12849,-12850]} 1. e4 e5 2. f4 exf4 3. Bc4 Nf6 4. Nc3 c6 5. Bb3 d5 6. exd5 Nxd5 {LiveBook: 15 Games. C33: King's Gambit Accepted: 3 Nc3 and 3 Bc4} (6... cxd5 7. d4 Bb4 8. Nge2 Bg4 9. Qd3 O-O 10. O-O f3 11. gxf3 Bh5 12. Bg5 Bg6 13. Qb5 Be7 14. Bxf6 Bxf6 15. Nxd5 {1-0 (46) Ivanchuk,V (2710)-Ding,L (2766) Huaian 2016}) (6... cxd5 7. d4 Bb4 8. Nf3 O-O 9. O-O Bxc3 10. bxc3 Qc7 11. Qe1 Nc6 12. Qh4 Ne7 13. Bxf4 Qxc3 14. Bd2 Qc7 15. Ne5 {1-0 (28) Morozevich,A (2605)-Anand,V (2715) Moscow 1995}) 7. Nf3 Nxc3 8. bxc3 Bd6 {The position is equal.} 9. O-O {Hoping for Re1+.} O-O 10. d4 Bg4 11. Qd3 $146 ({Predecessor:} 11. Qe1 Nd7 12. Ne5 Nxe5 13. dxe5 Bc5+ 14. Kh1 {0-1 (35) Torok,S (2326)-Szilagyi,Z (2296) Hungary 2005}) 11... Nd7 12. Nd2 $1 Qe7 {White must now prevent ...Be2.} 13. Qe4 {[#]} ({White should play} 13. Ne4 $15) 13... Qf6 $1 $17 14. Nc4 (14. Qd3 $17 Bf5 15. Qf3) 14... Rae8 $19 15. Nxd6 Rxe4 16. Nxe4 Qg6 17. Rxf4 {White wants to play Ba3.} Bf5 {[%cal Bg4f5,Bf5c2,Bc2b3,Bb3d5][%mdl 32]} 18. Ng3 Bxc2 19. Ba3 Bxb3 20. Bxf8 Bd5 $40 {[%mdl 128] White is in trouble.} ({Stronger than} 20... Kxf8 21. axb3 a6 22. Raf1 $11) 21. Be7 (21. Bb4 $17 {was called for.}) 21... Qc2 {[%csl Gd5][%cal Rc2g2]} 22. Rf2 Qxc3 23. Rb1 Nb6 (23... Qxd4 24. Rxb7 Bc4 25. Rb1 $19) 24. Bc5 g6 25. Bxb6 axb6 26. Rxb6 Qa1+ ({But not} 26... Qxd4 27. Rxb7 Bxa2 28. Rbb2 $19) 27. Nf1 Qxd4 ({Don't play} 27... Bxa2 28. Rxb7 Qxd4 29. Rbb2 $19) 28. Rxb7 Bxa2 29. h4 h5 30. g3 (30. Rbb2 $142 Bd5 31. g3) 30... Bd5 {Black is clearly winning.} 31. Re7 c5 {[%cal Bc6c5,Bc5c4,Bc4c3][%mdl 32]} 32. Ne3 Be6 33. Ng2 Qg4 34. Rf6 Qxg3 35. Rfxe6 fxe6 36. Rxe6 {[%mdl 4096] Endgame KQ-KRN} c4 37. Re3 Qc7 38. Re2 c3 39. Rc2 Qc5+ 40. Kf1 Qd4 (40... Qb5+ $142 41. Kf2 Qf5+ 42. Nf4 Qxf4+ 43. Kg1 Qd4+ 44. Kh2 Qxh4+ 45. Kg1 Qe1+ 46. Kh2 {[#]} Qd2+ $1 {[%mdl 512]} 47. Rxd2 cxd2 48. Kg3 d1=Q 49. Kf2 Qd3 50. Ke1 Qc2 51. Kf1 h4 52. Ke1 h3 53. Kf1 h2 54. Ke1 h1=Q#) 41. Ne1 Kf7 42. Ke2 Ke6 43. Ng2 Kd5 44. Ne3+ Ke4 45. Nd1 Qd3+ 46. Ke1 {Precision: White = 29%, Black = 83%.} 0-1

[Event "11th Tal Memorial Blitz 2018"]
[Site "Moscow"]
[Date "2018.03.05"]
[Round "3"]
[White "Karjakin, Sergey"]
[Black "Artemiev, Vladislav"]
[Result "1-0"]
[WhiteElo "2868"]
[BlackElo "2697"]
[Annotator "TA"]
[PlyCount "89"]
[EventDate "2018.??.??"]
[EventType "blitz"]
[EventCountry "RUS"]
[SourceTitle "playchess.com"]
[Source "ChessBase"]
[SourceQuality "1"]

{[%evp 16,89,35,2,31,47,76,61,76,44,44,40,46,44,51,52,70,60,63,38,39,35,58,31,82,18,23,14,22,0,0,0,22,0,0,-6,-5,-18,-12,-74,-89,-125,-20,-14,-15,-14,0,-47,-18,-25,-5,-8,-14,-11,0,0,0,0,68,49,133,110,540,519,1835,1818,29988,29989,29992,29993,29993,29994,29994,29995,29998,29999]} 1. Nf3 d5 2. e3 g6 3. c4 c6 4. d4 Bg7 5. Nc3 Nf6 6. h3 O-O 7. Bd3 dxc4 8. Bxc4 b5 {D94: Grünfeld: 4 Nf3 Bg7 5 e3} 9. Bd3 {LiveBook: 10 Games} a5 (9... Nbd7 10. e4 b4 11. Na4 Qc7 12. Qc2 e5 13. dxe5 Nxe5 14. Nxe5 Qxe5 15. O-O Re8 16. Bd2 {½-½ (62) Grigoryan,K (2570)-Iniyan,P (2404) Badalona 2017}) 10. O-O b4 {[#]White is slightly better.} 11. Na4 $1 Ba6 12. b3 $146 ({Predecessor:} 12. e4 Bb5 13. Be3 Na6 14. Rc1 Qb8 15. Ne5 Rc8 16. Nc4 {0-1 (47) Mazurek,R (2172)-Fromme,E (2142) Hessen 2016}) 12... Bb5 13. Bb2 Nbd7 14. Rc1 Rc8 15. Nc5 Qb6 16. a4 Bxd3 17. Qxd3 (17. Nxd3 {seems wilder.} Rfd8 18. Qc2 Qb7 19. Nfe5 Nxe5 20. Nxe5 c5 21. dxc5 Qe4 22. Qc4) 17... Nxc5 18. Rxc5 {Threatens to win with Ne5.} Nd7 19. Rc4 Qa6 (19... Rc7 $14) 20. Qc2 (20. Qe4 $16) 20... Rc7 $1 $11 21. Rc1 {[%cal Rc4c6]} Rfc8 22. Qb1 Nb6 $36 {[%mdl 2048] Black fights for an advantage.} 23. R4c2 Qd3 24. Qa2 Nd7 {[%cal Bb6d7,Bd7c5,Bc5e4,Be4c3][%mdl 32]} 25. Rd2 Qa6 26. Rcd1 Qa8 27. Qa1 (27. Rc1 $11) 27... c5 $17 28. dxc5 Bxb2 ({Black should try} 28... Nxc5 $17 29. Bxg7 Nxb3) 29. Qxb2 $11 Nxc5 30. Ne5 Ne4 31. Rd4 Nc3 {Strongly threatening ...Rc5.} 32. R1d3 Qa6 33. Nc4 f6 {Hoping for ...Nxa4!} 34. Rd8+ Rxd8 35. Rxd8+ Kg7 36. Qd2 Qa7 (36... Qe6 $11) 37. Qd3 Qc5 (37... Rc5 $14) 38. Ra8 Qc6 $2 {[%mdl 8192]} (38... Ra7 $16 {is tougher.} 39. Rxa7 Qxa7) 39. Qd8 $18 {[%csl Ga8][%cal Rd8f8]} Kh6 (39... g5 $142 40. Kh2 (40. Nxa5 Ne2+ 41. Kh2 Qc1 $11) 40... Ne2) 40. Qf8+ Kh5 41. Rxa5+ {White mates.} e5 42. g4+ Kg5 {[#]} 43. Nxe5 $1 {[%cal Re5f3][%mdl 512]} Ne2+ (43... fxe5 44. Qf4+) 44. Kh2 {[%cal Re5f3]} fxe5 45. Rxe5+ {Precision: White = 45%, Black = 36%.} 1-0

[Event "11th Tal Memorial Blitz 2018"]
[Site "Moscow"]
[Date "2018.03.05"]
[Round "3"]
[White "Anand, Viswanathan"]
[Black "Nakamura, Hikaru"]
[Result "1/2-1/2"]
[WhiteElo "2801"]
[BlackElo "2842"]
[Annotator "TA"]
[PlyCount "63"]
[EventDate "2018.??.??"]
[EventType "blitz"]
[EventCountry "RUS"]
[SourceTitle "playchess.com"]
[Source "ChessBase"]
[SourceQuality "1"]

{[%evp 35,63,52,56,53,93,75,92,50,77,91,74,68,63,66,72,19,0,0,0,0,0,0,0,25,7,0,0,0,33,0]} 1. e4 c5 2. Nf3 d6 3. d4 cxd4 4. Nxd4 Nf6 5. Nc3 g6 6. Be3 Bg7 7. f3 O-O 8. Qd2 Nc6 9. O-O-O d5 10. Qe1 e5 11. Nxc6 bxc6 12. exd5 Nxd5 13. Bc4 Be6 14. Kb1 {B76: Sicilian Dragon: Yugoslav Attack, 9 g4 and 9 0-0-0} Rb8 15. Ne4 Qc7 16. Bc5 Rfd8 17. g4 h6 18. Bb3 (18. h4 f5 19. gxf5 gxf5 20. Ng3 Qf7 21. Bb3 Rd7 {0-1 (39) Duda,J (2724)-Nakamura,H (2781) Caleta 2018}) 18... a5 {LiveBook: 3 Games} 19. Rg1 $146 ({Find the theoretical novelty and annotate with similar games:} 19. h4 a4 20. Bxa4 f5 21. Nf2 Rxb2+ 22. Kxb2 {0-1 (29) Bakhmatsky,V (2454)-Golubev,M (2476) Lvov 2017}) 19... Rd7 20. h4 Rbd8 21. a4 Nf4 22. Rxd7 Rxd7 23. Bxe6 Nxe6 24. Be3 c5 25. g5 (25. Bxh6 $16 Bxh6 26. Nf6+ Kf8 27. Nxd7+ Qxd7 28. Qxe5) 25... h5 $11 26. Qe2 c4 27. Rd1 Nd4 28. Qd2 Rd8 29. c3 Ne6 30. Qe2 Rxd1+ 31. Qxd1 Qc6 32. Ka2 {Precision: White = 43%, Black = 82%.} 1/2-1/2

[Event "11th Tal Memorial Blitz 2018"]
[Site "Moscow"]
[Date "2018.03.05"]
[Round "3"]
[White "Svidler, Peter"]
[Black "Morozevich, Alexander"]
[Result "1-0"]
[WhiteElo "2793"]
[BlackElo "2665"]
[Annotator "TA"]
[PlyCount "99"]
[EventDate "2018.??.??"]
[EventType "blitz"]
[EventCountry "RUS"]
[SourceTitle "playchess.com"]
[Source "ChessBase"]
[SourceQuality "1"]

{[%evp 21,98,0,13,12,18,-41,-28,-37,-32,-40,-40,-38,-34,-31,-38,-37,-24,-46,-35,-66,-59,-127,-119,-200,-59,-64,-56,-66,-54,-62,-64,-130,0,0,0,0,0,0,0,0,0,-16,-12,-112,-16,-20,-23,-273,-263,-242,1590,-12,626,618,572,554,543,479,12840,12836,29990,29991,29991,29992,29992,29993,29993,29994,29994,29995,29995,29996,29996,29993,29997,29998,29998,29999,29999]} 1. Nf3 d5 2. g3 Nd7 3. Bg2 e5 4. d3 Ngf6 5. O-O c6 6. c4 dxc4 7. dxc4 Be7 8. Nc3 O-O 9. Qc2 Qc7 10. Rd1 Re8 11. a3 a5 12. Rb1 {A54: Old Indian Defence with Nf3, but without e4} h6 $146 ({Predecessor:} 12... Nf8 13. b4 axb4 14. axb4 Bg4 15. c5 Ne6 16. Ne4 Nd5 17. Nc3 Nxc3 18. Qxc3 e4 19. Nd4 Nxd4 20. Qxd4 Bxe2 {0-1 (38) Khailaev,M (2288)-Iuldachev,S (2526) Tashkent 2008}) 13. h3 (13. b4 $11) 13... Nb6 $15 14. b3 {Black has an edge.} a4 15. Nxa4 Nxa4 16. bxa4 e4 17. Bf4 Qa5 18. Nd2 Qxa4 19. Rb3 Bf5 20. Be3 b5 21. cxb5 (21. Rc1 $15) 21... cxb5 $17 22. Qc6 (22. Rb2 $17) 22... Be6 (22... Bxa3 23. Qxb5 Bd7 24. Qb7 $17) (22... Rab8 $19 23. Qc3 Be6) 23. Rbb1 $15 {[%cal Rd2e4]} Nd5 {aiming for ...Rab8.} 24. Nxe4 Nxe3 25. fxe3 Qxa3 26. Rd3 (26. Qxb5 $15 Qxe3+ 27. Kh2) 26... Qa2 (26... Qa5 $17 27. Nd6 Reb8) 27. Nc3 $11 Qc2 28. Qxb5 Rac8 {Strongly threatening ...Bc4.} 29. Nd5 Bf8 30. Rb2 Qc1+ 31. Kh2 Qe1 {...Rc1! is the strong threat.} 32. Nc7 (32. Rb1 $1 $11 {keeps the balance.} Qf2 33. e4) 32... Re7 ({Black should play} 32... Rxc7 $17 33. Qxe8 Rc1) 33. Nxe6 Rxe6 34. Qd7 $2 (34. Rb1 $11 {and White is okay.} Qxe2 35. Rb2) 34... Rc1 $19 {[%csl Gc1][%cal Re1g1]} 35. h4 {Hoping for Rb8.} Rf6 $4 {[%mdl 8192]} (35... g5 $19 36. Rb7 Qf2 37. Qxf7+ Qxf7 38. Rxf7 Kxf7) 36. Qd5 $2 {[#]} (36. Rb8 $18 Rc4 37. Rxf8+ $1 {[%mdl 512]} Kh7 38. Ra3) 36... Bd6 $2 {[%mdl 8192]} (36... g5 $1 $11 {[%mdl 512]} 37. Rd4 (37. hxg5 $2 hxg5 38. Qxg5+ Rg6 $19) 37... Bd6) 37. Qa8+ $18 Kh7 {[%csl Gd6][%cal Re1g3] [#]} 38. Rxd6 $1 {[%mdl 512]} Rxd6 {[#]} 39. Rb8 $1 Qg1+ (39... Rc4 $142) 40. Kh3 {White wants to mate with Be4+.} Qxe3 41. Be4+ {White mates.} g6 42. Rh8+ Kg7 43. Qf8+ Kf6 44. Qxd6+ Kg7 45. Qf8+ Kf6 46. Qd8+ Kg7 47. Rg8+ Kh7 {[#]} 48. Bxg6+ $1 fxg6 49. Rh8+ Kg7 50. Qf8# {Precision: White = 46%, Black = 43%.} 1-0